|
|
|
|
| LEADER |
02040nam a2200445 i 4500 |
| 001 |
EBC1707276 |
| 003 |
MiAaPQ |
| 005 |
20200520144314.0 |
| 006 |
m o d | |
| 007 |
cr cnu|||||||| |
| 008 |
140619t20142014dcua ob 000 0 eng d |
| 020 |
|
|
|z 9781464802393
|
| 020 |
|
|
|a 9781464802409
|q (electronic bk.)
|
| 035 |
|
|
|a (MiAaPQ)EBC1707276
|
| 035 |
|
|
|a (Au-PeEL)EBL1707276
|
| 035 |
|
|
|a (CaPaEBR)ebr10880272
|
| 035 |
|
|
|a (CaONFJC)MIL617232
|
| 035 |
|
|
|a (OCoLC)881367421
|
| 040 |
|
|
|a MiAaPQ
|b eng
|e rda
|e pn
|c MiAaPQ
|d MiAaPQ
|
| 050 |
|
4 |
|a HC79.C3
|b .R476 2014
|
| 082 |
0 |
|
|a 363
|2 23
|
| 245 |
0 |
0 |
|a Resource financed infrastructure :
|b a discussion on a new form of infrastructure financing /
|c Havard Halland [and three others] ; with comments by Paul Collier [and four others]. ; cover photo, Sam Edwards ; cover design, Debra Naylor.
|
| 264 |
|
1 |
|a Washington, District of Columbia :
|b The World Bank,
|c 2014.
|
| 264 |
|
4 |
|c 2014
|
| 300 |
|
|
|a 1 online resource (111 pages) :
|b illustrations, tables
|
| 336 |
|
|
|a text
|2 rdacontent
|
| 337 |
|
|
|a computer
|2 rdamedia
|
| 338 |
|
|
|a online resource
|2 rdacarrier
|
| 504 |
|
|
|a Includes bibliographical references.
|
| 588 |
|
|
|a Description based on online resource; title from PDF title page (ebrary, viewed June 19, 2014).
|
| 590 |
|
|
|a Electronic reproduction. Ann Arbor, MI : ProQuest, 2015. Available via World Wide Web. Access may be limited to ProQuest affiliated libraries.
|
| 650 |
|
0 |
|a Infrastructure (Economics)
|
| 655 |
|
4 |
|a Electronic books.
|
| 700 |
1 |
|
|a Halland, Havard,
|e author.
|
| 700 |
1 |
|
|a Collier, Paul,
|e commentator for written text.
|
| 700 |
1 |
|
|a Edwards, Sam,
|e cover designer.
|
| 700 |
1 |
|
|a Naylor, Debra,
|e cover designer.
|
| 776 |
0 |
8 |
|i Print version:
|t Resource financed infrastructure : a discussion on a new form of infrastructure financing.
|d Washington, D.C : The World Bank, c2014
|h xv, 89 pages
|z 9781464802393
|
| 797 |
2 |
|
|a ProQuest (Firm)
|
| 856 |
4 |
0 |
|u https://ebookcentral.proquest.com/lib/matrademy/detail.action?docID=1707276
|z Click to View
|